000 01276cam a22003377a 4500
003 CHAP
005 20220329142205.0
008 000204d mx ab r 00110 spa d
010 _a79723
011 _a80695
035 _a91146
040 _cCHAP
090 _aTesis
100 0 0 _aZurita Carmona, María Eugenia.
_9124300
245 1 0 _aSituación actual de la iguana negra (Ctenosaura pectinata) en el municipio Santos Reyes Nopala, Oaxaca
_c/por María Eugenia Zurita Carmona
260 _aChapingo, Méx. :
_bEl autor,
_c1999.
300 _a105 h. :
_bilus. ; gráfs. ; mapas ; cuadros
502 _aTesis (Ing. en Planeación y Manejo de los Recursos Naturales Renovables) -- UACH. Departamento de Suelos
590 _aALEPH
_b10
_c20130110
_lUCH01
_h1433
590 _aBATCH-UPD
_b10
_c20130110
_lUCH01
_h1049
590 _aBATCH-UPD
_b10
_c20130410
_lUCH01
_h0646
590 _aBATCH-UPD
_b10
_c20130914
_lUCH01
_h1629
590 _aCONVERSION
_b10
_c20130109
_lUCH01
_h1344
650 1 4 _aIguanas
_xCría de.
_957363
901 _aBK
905 _aPatricia Mendoza P.
942 _cFOLL
949 _bBC
_cTES
_d33724000751772
_eTS2
_fc.3
_h35303
_i91146
_si
949 _bBC
_cTES
_d33724000751780
_eTS2
_fc.2
_h35302
_i91146
_si
949 _bBC
_cTES
_d91146
_eTS1
_h35301
_i91146
_sb
999 _c79723
_d79723